Determinanty formovania znalostnej ekonomiky v EÚ a SR v kontexte novej hospodárskej stratégie „Európa 2020“ dizertačná práca

Salvato in:
Dettagli Bibliografici
Autore principale: Lukáčová, Ivona
Ente Autore: Národohospodárska fakulta EU. Katedra ekonómie
Altri autori: Gonda, Vladimír
Natura: Libro
Lingua:slovacco
Pubblicazione: Bratislava 2013
Soggetti:
Tags: Aggiungi Tag
Nessun Tag, puoi essere il primo ad aggiungerne!!

MARC

LEADER 00000nbm a2200000 4500
001 0174187
005 20240502072953.8
041 0 |a slo 
044 |a SK 
245 1 0 |a Determinanty formovania znalostnej ekonomiky v EÚ a SR v kontexte novej hospodárskej stratégie „Európa 2020“  |b dizertačná práca  |c Ivona Lukáčová ; školiteľ: Vladimír Gonda 
264 1 |a Bratislava  |c 2013 
300 |a 167 s. 
610 2 0 |a ekonomika vedomostná 
610 2 0 |a stratégia hospodárska 
610 2 0 |a Fínsko 
610 2 0 |a Estónsko 
610 2 0 |a Slovensko 
610 2 0 |a Európska únia 
100 1 |a Lukáčová, Ivona 
700 1 |a Gonda, Vladimír 
710 2 |a Národohospodárska fakulta EU. Katedra ekonómie